000 00465nam a2200181Ia 4500
008 090124s9999 xx 000 0 und d
082 _b38071
100 _aACHARYA PANDIT SHRIRAM SHARMA
245 _aDONATION OF TIME
250 _a0
260 _bSHANTIKUNJ HARDWAR
300 _a80
600 _aACHARYA PANDIT SHRIRAM SHARMA
630 _aDONATION OF TIME
700 _aACHARYA PANDIT SHRIRAM SHARMA
730 _aDONATION OF TIME
942 _cBOOK
999 _c104212
_d104212